Освобождение Юго-Восточной и Центральной Европы войсками 2-го и 3-го Украинских фронтов. (1944-1945) (Запись № 7915022)

Подробности
000 -МАРКЕР
контрольное поле 01564nam0a22003131 4500
001 - ИДЕНТИФИКАТОР ЗАПИСИ
контрольное поле rc\3449986
005 - ИДЕНТИФИКАТОР ВЕРСИИ
контрольное поле 20260405092254.0
035 ## - ДРУГИЕ СИСТЕМНЫЕ НОМЕРА
Идентификатор записи (NLR Aleph) 007880524
100 ## - ДАННЫЕ ОБЩЕЙ ОБРАБОТКИ
Данные общей обработки 20130115d1970 |||y0rusy50 ca
101 0# - ЯЗЫК РЕСУРСА
Язык текста, звукозаписи и т.д. русский
102 ## - СТРАНА ПУБЛИКАЦИИ ИЛИ ПРОИЗВОДСТВА
Страна публикации Российская Федерация
105 ## - ПОЛЕ КОДИРОВАННЫХ ДАННЫХ: ТЕКСТОВЫЕ МАТЕРИАЛЫ, МОНОГРАФИЧЕСКИЕ
Кодированные данные о монографическом текстовом документе ab z |||||
200 1# - ЗАГЛАВИЕ И СВЕДЕНИЯ ОБ ОТВЕТСТВЕННОСТИ
Основное заглавие Освобождение Юго-Восточной и Центральной Европы войсками 2-го и 3-го Украинских фронтов. (1944-1945)
Первые сведения об ответственности Под общ. ред. Маршала Советского Союза М.В. Захарова
210 ## - ПУБЛИКАЦИЯ, РАСПРОСТРАНЕНИЕ И ДР.
Место издания, распространения и т.д. Москва
Имя издателя, распространителя и т. д. Наука
Дата издания, распространения и т.д. 1970
215 ## - ФИЗИЧЕСКАЯ ХАРАКТЕРИСТИКА
Специфическое обозначение материала и объем 676 с., 8 л. карт.
Другие сведения о физической характеристике ил., карт.
Размеры 22
225 1# - СЕРИЯ
Основное заглавие серии [Вторая мировая война в исследованиях, воспоминаниях, документах]
300 ## - ОБЩИЕ ПРИМЕЧАНИЯ
Текст примечания На обороте тит. л. авт.: И.В. Агибалов, В.А. Анфилов, Маршал Советского Союза С.С. Бирюзов и др.
320 ## - ПРИМЕЧАНИЯ О НАЛИЧИИ В ДОКУМЕНТЕ БИБЛИОГРАФИИ / УКАЗАТЕЛЯ
Текст примечания Указатель имен: с. 664-675
701 #1 - ИМЯ ЛИЦА - АЛЬТЕРНАТИВНАЯ ОТВЕТСТВЕННОСТЬ
Начальный элемент ввода Агибалов
Часть имени, кроме начального элемента ввода И.В.
701 #1 - ИМЯ ЛИЦА - АЛЬТЕРНАТИВНАЯ ОТВЕТСТВЕННОСТЬ
Начальный элемент ввода Анфилов
Часть имени, кроме начального элемента ввода В.А.
701 #1 - ИМЯ ЛИЦА - АЛЬТЕРНАТИВНАЯ ОТВЕТСТВЕННОСТЬ
Код отношения Автор введения, предисловия, примечания и т.п.
Графика поля Кириллица
Материалы, к которым относится поле rus
Начальный элемент ввода Бирюзов
Часть имени, кроме начального элемента ввода С. С.
Даты 1904-1964
Расширение инициалов личного имени Сергей Семенович
Системный номер авторитетной/нормативной записи 259313
Идентификатор авторитетной/нормативной записи RU\NLR\AUTH\770259369
702 #1 - ИМЯ ЛИЦА - ВТОРИЧНАЯ ОТВЕТСТВЕННОСТЬ
Код отношения Редактор
Материалы, к которым относится поле rus
Графика поля Кириллица
Начальный элемент ввода Захаров
Часть имени, кроме начального элемента ввода М. В.
Дополнения к именам, кроме дат воен. деятель
Даты 1898-1972
Расширение инициалов личного имени Матвей Васильевич
Идентификатор авторитетной/нормативной записи RU\NLR\AUTH\7733428
Системный номер авторитетной/нормативной записи 16436
801 #0 - ИСТОЧНИК ЗАПИСИ
Страна Российская Федерация
Организация NLR
Правила каталогизации psbo
801 #1 - ИСТОЧНИК ЗАПИСИ
Страна Российская Федерация
Организация ELAR
Источник данных rusmarc
852 ## - МЕСТОНАХОЖДЕНИЕ И ШИФР ХРАНЕНИЯ
Идентификатор организации NLR
Шифр хранения (Call Number) 70-5/2864
942 ## - ДОПОЛНИТЕЛЬНЫЕ ЭЛЕМЕНТЫ ЗАПИСИ (АБИС)
Тип экземпляра АБИС Книга
980 ## - КОЛЛЕКЦИЯ
Название коллекции Национальная библиография
Экземпляры
Тип экземпляра Дата поступления Библиотека постоянного хранения Библиотека текущего хранения Место хранения Шифр хранения Штрих-код Статус экземпляра Стоимость
Книга 26.10.2013 РНБ (Московский) РНБ (Московский) Русский книжный фонд: издания с 1957 года 70-5/2864 1-575240    
Книга 20.07.2014 РНБ (Московский) РНБ (Московский) Фонд общего зала социально-экономической литературы С1 Ц35(2)722/О-724 1-599381   3.00